00418nam a2200169Ia 4500008004100000041000800041082002500049100002300074245003700097250001200134260002700146300000800173365001600181710002300197906000900220999001900229230312s9999 xx 000 0 und d aeng a621.388b621.388 DHA aDhake A.M.9163995 aTelevision And Video Engineering a2nd ed. c2011bTata McGraw Hill a646 cRs.b500.00 aDhake A.M.9163996 b1725 c125422d125422